000 00392nam a22001697a 4500
005 20260408103740.0
008 160629b xxu||||| |||| 00| 0 eng d
020 _a81-291-0803-8
041 _aeng
082 _a823.914
100 _aHailey, Arthur
_91733
245 _aThe final Diagnosis
260 _bRupa & Co
_c2008
300 _a380
650 _aENGLISH FICTION
_98925
942 _cBK
999 _c4573
_d4571